000 00412nam a2200181Ia 4500
001 1464
005 20260306143730.0
008 260306t2005||||xx |||||||||||||| ||spa||
041 _aESP
082 _a150.195
_bA60
100 _aAndereggen, Ignacio
_eAUT
245 0 _aBases para una psicologĂ­a cristiana
260 _c2005
300 _a
_c
650 _aGEN
654 _aCPS
942 _cLIB
_dJUS
_fJUS
_2ddc
_n
999 _c1464
_d1464